000 01167nam a2200325 a 4500
001 000013953
003 OSt
005 20250129182520.0
007 ta
008 091202e1999 dr 001 fdspa d
020 _a8484003035
040 _aDO-SdBNP
_bspa
_cBNPHU
041 _hspa
082 _aCu863.44
_bV648m
100 1 _aVidal, Guillermo
_d1952-
_931613
245 1 4 _aLas manzanas del paraíso /
_cGuillermo Vidal ; edición Eduardo Heras León, Plinio Chahín ; Iris Cano , corrección y diagramación .
260 _aSanto Domingo :
_bCasa de Teatro,
_c1999.
300 _a203 p. ;
_c21 cm.
500 _aIncluye datos biográficos del autor en las solapas
505 0 _aEl sexo --
_tEl amor --
_tEl crimen --
_tLa cárcel --
_tLa venganza.
586 _aPremio internacional de novela Casa de Teatro, 1998
590 _aInventariado, 2020/VM
650 4 _aNovela cubana
_92316
650 4 _aLiteratura cubana
_91483
700 1 2 _aHeras León, Eduardo
_eed.
_95800
700 1 2 _aChahín, Plinio,
_d1959-
_eed.
_924881
700 1 2 _aCano , Iris
_ecorrección y diagramación .
_977466
910 _aValidado. Control de calidad MFF
942 _2ddc
_cLBS1
999 _c13557
_d13557